| 000 | 00703nam a22001577a 4500 | ||
|---|---|---|---|
| 003 | OSt | ||
| 005 | 20190823093939.0 | ||
| 008 | 190823b xxu||||| |||| 00| 0 eng d | ||
| 040 | _cRUA | ||
| 082 | _aAGR KOR 2018 B644 Or.1 | ||
| 100 |
_913843 _aKORNG CHHENGHAHK កង ឆេងហាក់ |
||
| 245 | _acomp arison of potassium chloride rates on growth and yield of chinese radish (raphanus sativus.l) ការប្រៀបធៀបកម្រិតជីប៉ូតាស្យូមក្លរួទៅលើការលូតលាស់ និងទិន្នផលដំណាំឆៃថាវ | ||
| 260 |
_aphnom penh _brua _c2018 |
||
| 300 |
_axi;32p; _bill; _c29cm; |
||
| 942 |
_2ddc _cAGR |
||
| 999 |
_c18171 _d18171 |
||